Selling to the giants : how to become a key supplier to large corporations.

Bibliographic Details
Main Author: Davidson
Format: Book
Published: Singapore: Heinemann Asia, 1993.
Series:Professional improvement series
Subjects:
LEADER 00511cam a2200169 7i4500
001 0000004368
005 19991025090000.0
002 ##000005858
020 0 0 |a 9971-64-314-6  
090 0 0 |a B 658.848   |b DAV 
100 1 0 |a Davidson  
245 1 0 |a Selling to the giants :   |b how to become a key supplier to large corporations. 
260 0 0 |a Singapore:   |b Heinemann Asia,   |c 1993. 
300 0 0 |a 195 p.. 
440 0 0 |a Professional improvement series 
650 0 0 |a Marketing  
999 |a 0000006273  |b Book  |c Open shelf  |e Business Information Centre